| 000 | 01054nam a22002897a 4500 | ||
|---|---|---|---|
| 001 | 6662 | ||
| 003 | FISKH | ||
| 005 | 20250519143631.0 | ||
| 008 | 250519b cb ||||| |||| 00| 0 eng d | ||
| 020 | _a059097954x | ||
| 040 |
_aFISKH _beng _cFISKH _dFISKH |
||
| 050 | _aPZ7.W1675 M | ||
| 082 | _a513.2 | ||
| 100 | _aWalsh, Stoll Ellen | ||
| 245 |
_aMouse count / _cEllen Stoll Walsh |
||
| 250 | _aThis edition first published in 1991 | ||
| 260 |
_aNew York : _bScholastic, _c1991 |
||
| 300 |
_a30 unnumbered pages : _bcolor illustrations ; _c19 x 22 cm |
||
| 505 | _aG | ||
| 520 | _aIn this charming companion toMouse Paint, Ellen Stoll Walsh introduces the concept of counting forward and backward in a suspenseful story that will keep young readers guessing. "The rhythm follows the illustrations in a glissando; one can almost hear the background music."--The Horn Book | ||
| 521 | 8 |
_a420
_bLexile |
|
| 521 | 8 |
_aG
_bRaz-Plus |
|
| 650 |
_2Fiction _aPicture book |
||
| 650 |
_2Mouse _aAnimals |
||
| 942 |
_2ddc _cBK _n0 |
||
| 999 |
_c6662 _d6662 |
||